Sports Quiz

Random Sports or MLB Quiz
Score 0/23 Timer 04:00
1 Play Today
Year Pitcher % Correct
2019Justin Verlander
97.1%
2011Justin Verlander
97%
2011Clayton Kershaw
91.6%
2014Clayton Kershaw
91.6%
2016Max Scherzer
90.7%
2013Max Scherzer
90.6%
2019Gerrit Cole
84.2%
2014Adam Wainwright
76.8%
2010Adam Wainwright
76.8%
2018Corey Kluber
76.4%
2012David Price
73.4%
2010Roy Halladay
72%
Year Pitcher % Correct
2010CC Sabathia
71.6%
2018Blake Snell
71.2%
2015Jake Arrieta
63.2%
2016Rick Porcello
60.8%
2012R.A. Dickey
50.1%
2014Johnny Cueto
48.8%
2015Dallas Keuchel
48.2%
2012Jered Weaver
46.2%
2012Gio Gonzalez
34.8%
2016J.A. Happ
25.4%
2011Ian Kennedy
16.7%
Remove Ads.
Support Sporcle.
Get the best of Sporcle when you Go Orange. This ad-free experience offers more features, more stats, and more fun while also helping to support Sporcle. Thank you for becoming a member.

You're not logged in!

Compare scores with friends on all Sporcle quizzes.
OR
Log In

Show Comments

Extras

Top Quizzes Today


Score Distribution

Your Account Isn't Verified!

In order to create a playlist on Sporcle, you need to verify the email address you used during registration. Go to your Sporcle Settings to finish the process.

Report this User

Report this user for behavior that violates our Community Guidelines.

Details: